000 00554nam a2200205 a 4500
005 20210219153342.0
008 991125n 000 0 u
035 _aUPN01000093305
100 _aRaggatt, Peter
222 _aOPEN LEARNING
245 _aPost-fordism and distance education-a flexible strategy for change
300 _a21-31
362 _a8, No. 1, 1993
505 _aJulio 1993
653 0 _aEDUCACION A DISTANCIA
653 0 _aESTRATEGIAS DE CAMBIO
653 0 _aINDUSTRIALIZACION
904 _aAC
_b031116
905 _aArticulo
999 _c74638
_d74638